| 000 | 00546nam a2200217Ia 4500 | ||
|---|---|---|---|
| 003 | OSt | ||
| 005 | 20220928151303.0 | ||
| 006 | a|||||r|||| 00| 0 | ||
| 007 | ta | ||
| 008 | 220927b |||||||| |||| 00| 0 eng d | ||
| 024 | _a122707 | ||
| 037 | _cTextual | ||
| 040 |
_aSDCL _cSDCL _beng |
||
| 041 |
_2eng _aeng |
||
| 082 | _aO123,3M64:g, 111L4 | ||
| 100 |
_aOuimette Victor _9516949 |
||
| 245 | 0 | _aReason aflame. | |
| 260 | _c1974 | ||
| 942 |
_hO123,3M64:g, 111L4 _cTEXL _2CC |
||
| 999 |
_c850962 _d850962 |
||